000 00211nam a22000857a 4500
008 170601b xxu||||| |||| 00| 0 eng d
100 _93196
_aDutta. A. K
245 _aAdventure Stories
260 _aNew Delhi
_bCBT
_c1995
999 _c6508
_d6508